[Event "Berlin Lichtenrade op 04th"]
[Site "Berlin"]
[Date "2008.10.23"]
[Round "6"]
[White "Koenig, Frank"]
[Black "Sawlin, Michail"]
[Result "0-1"]
[WhiteElo "1982"]
[BlackElo "2227"]
[PlyCount "60"]
[EventDate "2008.10.18"]
[EventType "swiss"]
[EventRounds "9"]
[EventCountry "GER"]
[SourceTitle "CBM 126 Extra"]
[Source "ChessBase"]
[SourceDate "2008.11.05"]
[SourceVersion "1"]
[SourceVersionDate "2008.11.05"]
[SourceQuality "1"]

1. Nf3 d5 2. g3 g6 3. Bg2 Bg7 4. 0-0 e5 5. d3 Ne7 6. Nbd2 0-0 7. c3 c5 8. e4 Nbc6 9. Re1 h6 10. exd5 Nxd5 11. Nc4 Re8 12. a4 Nb6 13. Nxb6 axb6 14. Be3 Bf5 15. d4 exd4 16. cxd4 cxd4 17. Bd2 Rxe1+ 18. Bxe1 d3 19. Bc3 Bxc3 20. bxc3 Qf6 21. Qb3 b5 22. Nd2 Rxa4 23. Rc1 Ra5 24. Re1 Be6 25. Qb2 Ra2 26. Ne4 Rxb2 27. Nxf6+ Kg7 28. Ne4 Bb3 29. Bf3 Ne5 30. Bd1 Rb1 0-1

[Event "Berlin-ch"]
[Site "Berlin"]
[Date "2007.04.12"]
[Round "7"]
[White "Sawlin, Michail"]
[Black "Meister, Jakob"]
[Result "0-1"]
[WhiteElo "2091"]
[BlackElo "2491"]
[PlyCount "100"]
[EventDate "2007.04.06"]
[EventType "swiss"]
[EventRounds "9"]
[EventCountry "GER"]
[SourceTitle "CBM 117 Extra"]
[Source "ChessBase"]
[SourceDate "2007.05.09"]
[SourceVersion "1"]
[SourceVersionDate "2007.05.09"]
[SourceQuality "1"]

1. e4 c5 2. Nf3 g6 3. d4 cxd4 4. Nxd4 Bg7 5. Nc3 Nc6 6. Be3 Nf6 7. Nb3 0-0 8. Be2 a5 9. a4 Nb4 10. Bf3 d6 11. 0-0 Be6 12. Nd4 Bc4 13. Re1 e5 14. Ndb5 Ne8 15. Rc1 Ra6 16. Qd2 Qd7 17. Be2 Bxe2 18. Qxe2 f5 19. f3 Kh8 20. Red1 Qf7 21. Rd2 Rg8 22. Rcd1 Bf8 23. f4 Qe6 24. Qf3 Rc6 25. g3 Nf6 26. fxe5 dxe5 27. Bg5 Be7 28. Bxf6+ Qxf6 29. Nd5 Nxd5 30. exd5 e4 31. Qe2 Bc5+ 32. Kh1 Rcc8 33. d6 Rcd8 34. Rd5 b6 35. c3 Rge8 36. Qd2 e3 37. Qe2 f4 38. Rf1 Qe6 39. Nc7 Qe4+ 40. Kg1 Rf8 41. gxf4 Rf5 42. c4 Bxd6 43. Nb5 Rxd5 44. cxd5 Bb4 45. Nc3 Bxc3 46. bxc3 Rxd5 47. Rf3 Rd3 48. c4 Qd4 49. f5 Rd1+ 50. Rf1 Rd2 0-1

[Event "Berlin-ch"]
[Site "Berlin"]
[Date "2007.04.10"]
[Round "5"]
[White "Berger, Steve"]
[Black "Sawlin, Michail"]
[Result "1-0"]
[WhiteElo "2402"]
[BlackElo "2091"]
[PlyCount "77"]
[EventDate "2007.04.06"]
[EventType "swiss"]
[EventRounds "9"]
[EventCountry "GER"]
[SourceTitle "CBM 117 Extra"]
[Source "ChessBase"]
[SourceDate "2007.05.09"]
[SourceVersion "1"]
[SourceVersionDate "2007.05.09"]
[SourceQuality "1"]

1. e4 g6 2. d4 Bg7 3. Nc3 d6 4. Be3 c6 5. h3 b5 6. a3 a6 7. g4 Nd7 8. Bg2 Bb7 9. Nge2 Qc7 10. f4 h5 11. g5 e6 12. f5 exf5 13. exf5 gxf5 14. Ng3 Ne7 15. Nxh5 Rg8 16. Qf3 0-0-0 17. 0-0-0 Nb6 18. Kb1 Nc4 19. Bc1 Kb8 20. h4 Bc8 21. Rhe1 Ng6 22. Qg3 Bh8 23. b3 Nb6 24. Nf4 a5 25. h5 Nxf4 26. Bxf4 b4 27. axb4 axb4 28. Na2 Nd5 29. Bxd5 cxd5 30. Nxb4 Bb7 31. Kb2 Qb6 32. c3 Rd7 33. Re3 Rc8 34. Qe1 Rdc7 35. Na2 Ba6 36. Re8 Bc4 37. Rxc8+ Rxc8 38. Nb4 Bb5 39. Qe7 1-0

[Event "Berlin-ch"]
[Site "Berlin"]
[Date "2007.04.08"]
[Round "3"]
[White "Tahiri, Daut"]
[Black "Sawlin, Michail"]
[Result "1/2-1/2"]
[WhiteElo "2134"]
[BlackElo "2091"]
[PlyCount "21"]
[EventDate "2007.04.06"]
[EventType "swiss"]
[EventRounds "9"]
[EventCountry "GER"]
[SourceTitle "CBM 117 Extra"]
[Source "ChessBase"]
[SourceDate "2007.05.09"]
[SourceVersion "1"]
[SourceVersionDate "2007.05.09"]
[SourceQuality "1"]

1. f4 d5 2. Nf3 g6 3. d4 Bg7 4. e3 Bg4 5. c4 c6 6. Nc3 e6 7. h3 Bxf3 8. Qxf3 f5 9. Bd3 Nf6 10. 0-0 0-0 11. a3 1/2-1/2